Które miasto jest większe? - Statystyki

Ogólne statystyki
  • Ten quiz został rozwiązany 20 razy
    19 od ostatniego zresetowania
  • Średni wynik to 7 z 10
Statystyki odpowiedzi
Zagadnienie Odpowiedź % Poprawnych
Które miasto jest większe? Barcelona (Hiszpania)
95%
Które miasto jest większe? Birmingham (Wielka Brytania)
89%
Które miasto jest większe? Florencja (Włochy)
84%
Które miasto jest większe? Plymouth (Wielka Brytania)
84%
Które miasto jest większe? Cartagena (Kolumbia)
79%
Które miasto jest większe? Kingston (Jamajka)
63%
Które miasto jest większe? Worcester (USA)
63%
Które miasto jest większe? Salvador (Brazylia)
53%
Które miasto jest większe? Newcastle (Australia)
21%
Które miasto jest większe? Valencia (Wenezuela)
21%
Nie znaleziono quizów pasujących do podanych kryteriów
Rozkład punktacji
Procent ludzi z każdym wynikiem
Percentyl według liczby udzielonych odpowiedzi
Twoja historia wyników
Nie rozwiązałeś tego quizu od ostatniego zresetowania